000 00632nam a2200205Ii 4500
001 7551
003 CO-ViMGA
008 241108s9999||||xx |||||||||||||| ||und||
040 _aCO-ViMGA
_bspa
_erda
_cCO-ViMGA
041 0 _aunk
084 _aC-C112t
100 1 _aEduardo Caballero Calderón
245 1 0 _aTodo por un florero, el corneta llanero, el zapatero soldado
264 1 _a[Lugar de publicación no identificado] : Carvajal, 1969
300 _avolumen
336 _atext
_btxt
_2rdacontent
337 _aunmediated
_bn
_2rdamedia
338 _avolume
_bnc
_2rdacarrier
940 _aidficha_siabuc: 7376. -- ficha_no_siabuc:7551
999 _c51129
_d51129